<?xml version="1.0" encoding="UTF-8"?>
<record
    xmlns:xsi="http://www.w3.org/2001/XMLSchema-instance"
    xsi:schemaLocation="http://www.loc.gov/MARC21/slim http://www.loc.gov/standards/marcxml/schema/MARC21slim.xsd"
    xmlns="http://www.loc.gov/MARC21/slim">

  <leader>06425nam a2200421 i 4500</leader>
  <controlfield tag="001">000001586</controlfield>
  <controlfield tag="003">DO-SdBNP</controlfield>
  <controlfield tag="005">20250621074003.0</controlfield>
  <controlfield tag="007">ta</controlfield>
  <controlfield tag="008">090623s2007    dr            000 0 spa d</controlfield>
  <datafield tag="020" ind1=" " ind2=" ">
    <subfield code="a">9789993467366</subfield>
  </datafield>
  <datafield tag="020" ind1=" " ind2=" ">
    <subfield code="a">9993467367</subfield>
  </datafield>
  <datafield tag="040" ind1=" " ind2=" ">
    <subfield code="a">DO-SdBNP</subfield>
    <subfield code="b">spa</subfield>
    <subfield code="c">BNPHU</subfield>
    <subfield code="e">rda</subfield>
  </datafield>
  <datafield tag="082" ind1=" " ind2="4">
    <subfield code="a">923.8</subfield>
    <subfield code="b">J61m</subfield>
    <subfield code="2">22</subfield>
  </datafield>
  <datafield tag="100" ind1="1" ind2=" ">
    <subfield code="a">Jim&#xE9;nez Maxwell, Joaqu&#xED;n,</subfield>
    <subfield code="d">1935 -</subfield>
    <subfield code="9">5210</subfield>
    <subfield code="e">autor</subfield>
    <subfield code="4">aut.</subfield>
  </datafield>
  <datafield tag="245" ind1="1" ind2="0">
    <subfield code="a">Memorias del fracaso de un triunfador /</subfield>
    <subfield code="c">Joaqu&#xED;n Jim&#xE9;nez Maxwell ; dise&#xF1;o de portada, Julian Amado.</subfield>
  </datafield>
  <datafield tag="264" ind1=" " ind2="1">
    <subfield code="a">Santo Domingo :</subfield>
    <subfield code="b">B&#xFA;ho,</subfield>
    <subfield code="c">2007.</subfield>
  </datafield>
  <datafield tag="300" ind1=" " ind2=" ">
    <subfield code="a">342 p&#xE1;ginas ;</subfield>
    <subfield code="c">23 cm.</subfield>
  </datafield>
  <datafield tag="336" ind1=" " ind2=" ">
    <subfield code="a">texto</subfield>
    <subfield code="b">txt</subfield>
    <subfield code="2">rdacontent</subfield>
  </datafield>
  <datafield tag="337" ind1=" " ind2=" ">
    <subfield code="a">sin mediaci&#xF3;n</subfield>
    <subfield code="b">n</subfield>
    <subfield code="2">rdamedia</subfield>
  </datafield>
  <datafield tag="338" ind1=" " ind2=" ">
    <subfield code="a">volumen</subfield>
    <subfield code="b">nc</subfield>
    <subfield code="2">rdacarrier</subfield>
  </datafield>
  <datafield tag="365" ind1=" " ind2=" ">
    <subfield code="b">$450.00</subfield>
  </datafield>
  <datafield tag="500" ind1=" " ind2=" ">
    <subfield code="a">Incluye biograf&#xED;a del autor en la solapa de las cubiertas.</subfield>
  </datafield>
  <datafield tag="500" ind1=" " ind2=" ">
    <subfield code="a">Incluye referencias bibliogr&#xE1;ficas y notas al pie de las p&#xE1;ginas.</subfield>
  </datafield>
  <datafield tag="505" ind1="0" ind2=" ">
    <subfield code="a">Cap&#xED;tulo-- Proyecto y fuentes de financiamientos -- Cap&#xED;tulo-- Primera transmisi&#xF3;n experimental -- Cap&#xED;tulo-- Programaci&#xF3;n musical -- Cap&#xED;tulo-- Selecci&#xF3;n del personal -- Cap&#xED;tulo-- Estrategia mercadol&#xF3;gica -- Cap&#xED;tulo-- Sagrado compromiso con mi socio -- Cap&#xED;tulo-- Incursi&#xF3;n en el negocio disquero -- Cap&#xED;tulo-- Creaci&#xF3;n del moderno periodismo radial -- Cap&#xED;tulo-- Adversidades y soluciones t&#xE9;cnicas -- Cap&#xED;tulo-- Conspiraci&#xF3;n contra Juan Bosch -- Cap&#xED;tulo-- Perfiles psicop&#xE1;ticos de los golpistas -- Cap&#xED;tulo-- M&#xED;tines de agitaci&#xF3;n pol&#xED;tica -- Cap&#xED;tulo-- Estampida de la corrupci&#xF3;n pol&#xED;tica, militar, religiosa, policial y empresarial -- Cap&#xED;tulo-- Conspiraci&#xF3;n competitiva -- Cap&#xED;tulo-- Obsesi&#xF3;n de Donald Ried Cabral contra Radio Mil -- Cap&#xED;tulo-- Explosi&#xF3;n del polvor&#xED;n en el campamento militar 27 de Febrero -- Cap&#xED;tulo-- Compra del restaurant-Terraza-cafeter&#xED;a El Napolitano -- Cap&#xED;tulo 18. Revoluci&#xF3;n de abril -- Cap&#xED;tulo-- Embajada norteamericana solicita mis servicios profecionales -- Cap&#xED;tulo Operaci&#xF3;n limpieza -- Cap&#xED;tulo-- El mito del comunismo -- Cap&#xED;tulo-- Gringos allanan mi hogar -- Cap&#xED;tulo-- Mi apresamiento en San Crist&#xF3;bal -- Cap&#xED;tulo-- Encierro en La Victoria -- Cap&#xED;tulo-- Llegada a Nueva York y consecuencias -- Cap&#xED;tulo-- Retorno a mi pa&#xED;s -- Cap&#xED;tulo-- Reinicio de Radio Mil Informativo -- Cap&#xED;tulo-- Voladura de Radio Mil -- Cap&#xED;tulo-- Retorno al pa&#xED;s del Dr. Balaguer -- Cap&#xED;tulo 30. Elecciones libres -- Cap&#xED;tulo-- Restricciones a la prensa -- Cap&#xED;tulo-- Prensa seria -- Cap&#xED;tulo-- El gobierno del Este -- Cap&#xED;tulo-- Cooperaci&#xF3;n de Radio Mil al r&#xE9;gimen ...</subfield>
  </datafield>
  <datafield tag="505" ind1="0" ind2=" ">
    <subfield code="a">... -- Cap&#xED;tulo-- Mi viaje a Washington -- Cap&#xED;tulo-- Balaguer dona frecuencias estatales -- Cap&#xED;tulo-- Invasi&#xF3;n del gangsterismo cubano -- Cap&#xED;tulo-- Explosi&#xF3;n represiva de Balaguer y la CIA -- Cap&#xED;tulo-- Creaci&#xF3;n del piano bar El Napolitano -- Cap&#xED;tulo-- Continuaci&#xF3;n de la represi&#xF3;n policial -- Cap&#xED;tulo-- Secuestro del coronel Crowley -- Cap&#xED;tulo-- Muerte de Garc&#xED;a-Godoy -- Cap&#xED;tulo-- Frustrado golpe de estado de Wessin -- Cap&#xED;tulo-- S&#xED;ndrome del comunismo -- Cap&#xED;tulo-- Nuestro apoyo a Balaguer -- Cap&#xED;tulo -- La banda juvenil y su sangrienta historia -- Cap&#xED;tulo-- Don Rafael Herrera, mi &#xE1;ngel de la guarda -- Cap&#xED;tulo-- Le aplican a la banda el c&#xF3;digo del silencio -- Cap&#xED;tulo-- Nuestro apoyo al r&#xE9;gimen balaguerista -- Cap&#xED;tulo-- Asesinato de Sagrario D&#xED;az -- Cap&#xED;tulo-- Retorno del Coronel Caama&#xF1;o al pa&#xED;s -- Cap&#xED;tulo-- Asesinato de Gollito -- Cap&#xED;tulo-- Reuni&#xF3;n en RD de la Asociaci&#xF3;n Interamericana de Radiodifusi&#xF3;n -- Cap&#xED;tulo-- Construcci&#xF3;n del Hotel Napolitano -- Cap&#xED;tulo-- Imitaci&#xF3;n autorizada de Radio Mil Informando en Brazil -- Cap&#xED;tulo-- La CIA abandona a Balaguer y se concentra en Chile -- Cap&#xED;tulo-- Los tent&#xE1;culos de la "Operaci&#xF3;n C&#xF3;ndor" -- Cap&#xED;tulo-- Oligarqu&#xED;a norteamericana, la m&#xE1;s criminal del mundo -- Cap&#xED;tulo-- Globalizaci&#xF3;n de la censura period&#xED;stica -- Cap&#xED;tulo-- Reelecci&#xF3;n de Balaguer, con votos o con botas -- Cap&#xED;tulo-- Espect&#xE1;culo art&#xED;stico &#xB7;7 d&#xED;as con el pueblo&#xB7; -- Cap&#xED;tulo-- Asesinato de Orlando Mart&#xED;nez y otros -- Cap&#xED;tulo-- C&#xE1;rtel de ADORA -- Cap&#xED;tulo 64. Nueva programaci&#xF3;n de RTVD y consecuencias...</subfield>
  </datafield>
  <datafield tag="505" ind1="0" ind2=" ">
    <subfield code="a">... -- Cap&#xED;tulo-- Mi elecci&#xF3;n como presidente de ADOMEDIOS -- Cap&#xED;tulo-- Primer aviso de la mala administraci&#xF3;n de mi socio fundador -- Cap&#xED;tulo-- Cambio de pol&#xED;tica exterior norteamericana -- Cap&#xED;tulo-- Acoso militar y policial contra Antonio Guzm&#xE1;n -- Cap&#xED;tulo-- Mi asilo domiciliario -- Cap&#xED;tulo-- Triunfo de Antonio Guzm&#xE1;n e intento de golpe -- Cap&#xED;tulo-- Borr&#xF3;n y cuenta nueva -- Cap&#xED;tulo-- Jimmy Carter apoya gobierno constitucional -- Cap&#xED;tulo-- Visita al pa&#xED;s de Juan Pablo II -- Cap&#xED;tulo-- Mi socio propone la creaci&#xF3;n de un banco comercial -- Cap&#xED;tulo-- Llegada del hurac&#xE1;n David -- Cap&#xED;tulo-- Suicidio del Presidente Guzm&#xE1;n -- Cap&#xED;tulo-- Primer enga&#xF1;o de mi socio -- Cap&#xED;tulo-- Llegada de Roland Murmann al pa&#xED;s -- Cap&#xED;tulo-- El desastroso gobierno jorgeblanquista -- Cap&#xED;tulo 80. Invitaciones y ofertas de suizo -- Cap&#xED;tulo-- Sin consultarme, mi socio le vendi&#xF3; a Murmann -- Cap&#xED;tulo-- Provocaciones de mi socio -- Cap&#xED;tulo-- Salvador Jorge Blanco intenta sobornarme -- Cap&#xED;tulo-- El fondo monetario y la matanza de abril -- Cap&#xED;tulo-- Las represalias de la presidencia -- Cap&#xED;tulo-- Celebraci&#xF3;n de la &#xFA;nica asamblea legal de accionistas de Radio Mil -- Cap&#xED;tulo-- Otro traidor difamador -- Cap&#xED;tulo 88. Explotaci&#xF3;n de los beneficios plutocr&#xE1;ticos -- Cap&#xED;tulo-- Acosos, amenazas e intentos de agresiones f&#xED;sicas -- Cap&#xED;tulo-- Procesos judiciales fallados por el gobierno -- Cap&#xED;tulo-- Amigos solidarios -- Cap&#xED;tulo-- Visita a Jacobo Majluta -- Cap&#xED;tulo-- Propuesta de la compra compulsiva de mis acciones -- Cap&#xED;tulo-- Firma compulsiva del contrato de compra-venta -- Cap&#xED;tulo-- Consecuencias y conclusiones -- Cap&#xED;tulo-- Reflexiones.</subfield>
  </datafield>
  <datafield tag="590" ind1=" " ind2=" ">
    <subfield code="a">Inventariado, 2024 / MF</subfield>
  </datafield>
  <datafield tag="650" ind1=" " ind2="4">
    <subfield code="a">Radiodifusi&#xF3;n period&#xED;stica</subfield>
    <subfield code="9">5211</subfield>
  </datafield>
  <datafield tag="650" ind1=" " ind2="4">
    <subfield code="a">Estaciones de radioaficionados</subfield>
    <subfield code="z">Rep&#xFA;blica Dominicana</subfield>
    <subfield code="x">Historia</subfield>
    <subfield code="9">5212</subfield>
  </datafield>
  <datafield tag="650" ind1=" " ind2="4">
    <subfield code="a">Locutores de radio</subfield>
    <subfield code="9">1170</subfield>
  </datafield>
  <datafield tag="650" ind1=" " ind2="4">
    <subfield code="a">Locuci&#xF3;n por radio</subfield>
    <subfield code="9">3788</subfield>
  </datafield>
  <datafield tag="651" ind1=" " ind2="4">
    <subfield code="a">Rep&#xFA;blica Dominicana</subfield>
    <subfield code="x">Historia</subfield>
    <subfield code="9">170</subfield>
  </datafield>
  <datafield tag="651" ind1=" " ind2="0">
    <subfield code="a">Rep&#xFA;blica Dominicana</subfield>
    <subfield code="x">Pol&#xED;tica y gobierno</subfield>
    <subfield code="9">45</subfield>
  </datafield>
  <datafield tag="700" ind1="1" ind2=" ">
    <subfield code="a">Amado, Julian,</subfield>
    <subfield code="e">dise&#xF1;o de portada</subfield>
    <subfield code="9">29282</subfield>
  </datafield>
  <datafield tag="910" ind1="0" ind2=" ">
    <subfield code="a">Validado. Control de calidad MFF</subfield>
  </datafield>
  <datafield tag="942" ind1=" " ind2=" ">
    <subfield code="2">ddc</subfield>
    <subfield code="c">LBS1</subfield>
  </datafield>
  <datafield tag="952" ind1=" " ind2=" ">
    <subfield code="0">0</subfield>
    <subfield code="1">0</subfield>
    <subfield code="2">ddc</subfield>
    <subfield code="5">6</subfield>
    <subfield code="7">0</subfield>
    <subfield code="8">DS</subfield>
    <subfield code="a">BNPHU</subfield>
    <subfield code="b">BNPHU</subfield>
    <subfield code="c">HD</subfield>
    <subfield code="d">2009-07-01</subfield>
    <subfield code="e">Dep&#xF3;sito legal</subfield>
    <subfield code="l">0</subfield>
    <subfield code="o">BNPHU DS 923.8 J61m</subfield>
    <subfield code="p">1586-30</subfield>
    <subfield code="r">2020-06-25</subfield>
    <subfield code="t">e. 3</subfield>
    <subfield code="w">2020-06-25</subfield>
    <subfield code="y">LBS1</subfield>
  </datafield>
  <datafield tag="952" ind1=" " ind2=" ">
    <subfield code="0">0</subfield>
    <subfield code="1">0</subfield>
    <subfield code="2">ddc</subfield>
    <subfield code="5">6</subfield>
    <subfield code="7">0</subfield>
    <subfield code="8">DS</subfield>
    <subfield code="a">BNPHU</subfield>
    <subfield code="b">BNPHU</subfield>
    <subfield code="c">HD</subfield>
    <subfield code="d">2010-01-12</subfield>
    <subfield code="e">Compra</subfield>
    <subfield code="l">0</subfield>
    <subfield code="o">BNPHU DS 923.8 J61m</subfield>
    <subfield code="p">1586-40</subfield>
    <subfield code="r">2020-06-25</subfield>
    <subfield code="t">e. 4</subfield>
    <subfield code="w">2020-06-25</subfield>
    <subfield code="y">LBS1</subfield>
  </datafield>
  <datafield tag="952" ind1=" " ind2=" ">
    <subfield code="0">0</subfield>
    <subfield code="1">0</subfield>
    <subfield code="2">ddc</subfield>
    <subfield code="5">1</subfield>
    <subfield code="7">0</subfield>
    <subfield code="8">PD</subfield>
    <subfield code="a">BNPHU</subfield>
    <subfield code="b">BNPHU</subfield>
    <subfield code="c">HD</subfield>
    <subfield code="d">2009-07-01</subfield>
    <subfield code="l">0</subfield>
    <subfield code="o">BNPHU PD 923.8 J61m</subfield>
    <subfield code="p">1586-10</subfield>
    <subfield code="r">2020-06-25</subfield>
    <subfield code="w">2020-06-25</subfield>
    <subfield code="y">LBS1</subfield>
  </datafield>
  <datafield tag="952" ind1=" " ind2=" ">
    <subfield code="0">0</subfield>
    <subfield code="1">0</subfield>
    <subfield code="2">ddc</subfield>
    <subfield code="5">1</subfield>
    <subfield code="7">0</subfield>
    <subfield code="8">PD</subfield>
    <subfield code="a">BNPHU</subfield>
    <subfield code="b">BNPHU</subfield>
    <subfield code="c">HD</subfield>
    <subfield code="d">2009-07-01</subfield>
    <subfield code="l">0</subfield>
    <subfield code="o">BNPHU PD 923.8 J61m</subfield>
    <subfield code="p">1586-20</subfield>
    <subfield code="r">2020-06-25</subfield>
    <subfield code="t">e. 2</subfield>
    <subfield code="w">2020-06-25</subfield>
    <subfield code="y">LBS1</subfield>
  </datafield>
  <datafield tag="952" ind1=" " ind2=" ">
    <subfield code="0">0</subfield>
    <subfield code="1">0</subfield>
    <subfield code="2">ddc</subfield>
    <subfield code="5">1</subfield>
    <subfield code="7">5</subfield>
    <subfield code="a">BNPHU</subfield>
    <subfield code="b">BNPHU</subfield>
    <subfield code="c">HD</subfield>
    <subfield code="d">2019-08-20</subfield>
    <subfield code="e">Donado / Irma Rodr&#xED;guez</subfield>
    <subfield code="l">0</subfield>
    <subfield code="o">BNPHU DS 923.8 J61m</subfield>
    <subfield code="p">1586-50</subfield>
    <subfield code="r">2020-12-03</subfield>
    <subfield code="t">e.5</subfield>
    <subfield code="w">2020-12-03</subfield>
    <subfield code="y">LBS1</subfield>
  </datafield>
  <datafield tag="999" ind1=" " ind2=" ">
    <subfield code="c">1482</subfield>
    <subfield code="d">1482</subfield>
  </datafield>
</record>
